Le Monde Incroyable De Gumball - Arbre Généalogique - Statistiques

Statistiques générales
  • Ce quiz a été pris 159 fois
  • Le résultat moyen est 6 sur 11
Statistiques - réponses
Lien Personnage % Correct
1 - Le Chat Bleu Gumball
100%
2 - Frère adoptif de 1 Darwin
98%
3 - Soeur de 1 et 2 Anaïs
91%
4 - Père de 1,2 et 3 Richard
91%
5 - Mère de 1,2 et 3 Nicole
87%
6 - Mère de 4 Jojo
46%
11 - Alter-Ego de 1 Zac
38%
7 - Père de 4 Frankie
22%
8 - Epoux de 6 Louie
21%
10 - Mère de 5 Mary
9%
9 - Père de 5 Daniel
6%
Aucun quiz correspondant
Distribution des résultats
% des personnes avec chaque résultat
Percentile par nombre de réponses
Votre historique - résultats
Vous n’avez pas pris ce quiz